Clubs des principales divisions européennes de rugby. - Statistiques

Statistiques générales
  • Ce quiz a été pris 863 fois
    55 depuis la dernière actualisation
  • Le résultat moyen est 33 sur 40
Statistiques - réponses
Clubs % Correct
RC Toulon
98%
Section paloise
98%
Racing 92
98%
Lyon OU
98%
Stade toulousain
98%
Stade français Paris
98%
Castres olympique
95%
Leinster
95%
Union Bordeaux-Bègles
95%
Montpellier HR
95%
USA Perpignan
93%
ASM Clermont
93%
Stade rochelais
93%
Munster
90%
Northampton Saints
90%
Aviron bayonnais
90%
US Montauban
90%
Leicester Tigers
88%
Saracens
88%
Ulster
86%
Sharks
86%
Sale Sharks
86%
Bath rugby
83%
Glasgow Warriors
81%
Connacht
81%
Benetton Trévise
74%
Edimbourg
74%
Harlequins
74%
Cardiff rugby
71%
Newcastle Red Bulls
71%
Bristol Bears
71%
Exeter Chiefs
69%
Zebre
69%
Stormers
62%
Dragons
62%
Ospreys
62%
Scarlets
60%
Bulls
60%
Gloucester RFC
55%
Lions
50%
Aucun quiz correspondant
Distribution des résultats
% des personnes avec chaque résultat
Percentile par nombre de réponses
Votre historique - résultats
Vous n’avez pas pris ce quiz depuis la dernière actualisation